प्रामाणिक हिन्दी व्याकरण / (Record no. 71874)

MARC details
000 -LEADER
fixed length control field 01189nam a22003017a 4500
005 - DATE AND TIME OF LATEST TRANSACTION
control field 20121205151226.0
008 - FIXED-LENGTH DATA ELEMENTS--GENERAL INFORMATION
fixed length control field 090408t xxu||||| |||| 00| 0 hin d
010 ## - LCCN (DPL NO)
LC control number HIN-97585
020 ## - INTERNATIONAL STANDARD BOOK NUMBER
Terms of availability 400.00
International Standard Book Number 9788188386284
035 ## - SYSTEM CONTROL NUMBER
System control number HN-69931
037 ## - SOURCE OF ACQUISITION
Source of stock number/acquisition DBAD / PUB
040 ## - CATALOGING SOURCE
Original cataloging agency DPL
Language of cataloging HN
082 ## - DEWEY DECIMAL CLASSIFICATION NUMBER
Classification number 425
100 ## - MAIN ENTRY--PERSONAL NAME
9 (RLIN) 27482
Personal name ब्रजकिशोर प्रसाद सिंह
245 ## - TITLE STATEMENT
Title प्रामाणिक हिन्दी व्याकरण /
Statement of responsibility, etc ब्रजकिशोर प्रसाद सिंह
246 ## - VARYING FORM OF TITLE
Title proper/short title Pramanik Hindi Viyakaran
Remainder of title by Brijkishore Prasad Singh
260 ## - PUBLICATION, DISTRIBUTION, ETC. (IMPRINT)
Name of publisher, distributor, etc दिनमान प्रकाशन
Date of publication, distribution, etc 2012
Place of publication, distribution, etc दिल्ली
270 ## - ADDRESS
Address 3014, चर्खेवालान
City दिल्ली
Postal code 110006
Telephone number 23994096
300 1# - PHYSICAL DESCRIPTION
Extent 294पृ.
Dimensions 22सेमी (सजिल्द)
650 ## - SUBJECT ADDED ENTRY--TOPICAL TERM
9 (RLIN) 1169
650 ## - SUBJECT ADDED ENTRY--TOPICAL TERM
9 (RLIN) 54059
700 ## - ADDED ENTRY--PERSONAL NAME
9 (RLIN) 27483
700 ## - ADDED ENTRY--PERSONAL NAME
9 (RLIN) 54077
710 ## - ADDED ENTRY--CORPORATE NAME
9 (RLIN) 52094
711 ## - ADDED ENTRY--MEETING NAME
9 (RLIN) 52444
942 ## - ADDED ENTRY ELEMENTS (KOHA)
Institution code [OBSOLETE] dpl
Item type Hindi Books
Source of classification or shelving scheme Dewey Decimal Classification
Call number suffix ब्रजकि
Classification part 425
Holdings
Withdrawn status Lost status Source of classification or shelving scheme Damaged status Not for loan Collection code Home library Current library Date acquired Source of acquisition Cost, normal purchase price Total Checkouts Full call number Barcode Date last seen Copy number Cost, replacement price Koha item type
    Dewey Decimal Classification   Not For Loan Non-fiction D.B.Act.Division D.B.Act.Division 05/12/2012 DBAD / PUB 400.00   425 ब्रजकि HN-69931 05/12/2012 1 400.00 Hindi Books

© Delhi Public Library
Hit Counter
free hit counter